000 01682namaa22003251i 4500
005 20260406123136.0
008 260406s1995 ua a|||frm||| 000 0 eng d
040 _aEG-GICUC
_beng
_cEG-GICUC
_dEG-GICUC
_erda
041 0 _aeng
_beng
_bara
049 _aDeposit
097 _aM.Sc
099 _aCai01.11.15.M.Sc.1995.Ak.E
100 0 _aAkram Mohamed El-Adawy Nassef,
_epreparation.
245 1 0 _aEffect of hormone replacement therapy on cancer breast, endometrium, cervix, osteoporosis and ischaemic heart disease during and after menopause /
_cBy Akram Mohamed El-Adawy Nassef ; Supervised Prof. Dr. Mohmoud Talaat Mohamed Talaat, Dr. Mohamed Osman Wahby, Dr. Omima Abdel Fattah Edrls
246 1 5 _a تأثير العلاج باحلال الهرمونات علي سرطان الثدي بطانة الرحم , عنق الرحم , ترهف العظام , أمراض قلة ورود الدم الي القلب أثناء وبعد سن اليأس
264 0 _c1995.
300 _a116 Leaves
_billustrations
_c30 cm. +
336 _2rda content
_atext
337 _2rdamedia
_aUnmediated
338 _2rdacarrier
_avolume
502 _aThesis (M.Sc.)-Cairo University, 1995
504 _aBibliography: pages 91-116
653 0 _acancer breast
_aendometrium
_acervix
_aosteoporosis
700 0 _aMohmoud Talaat Mohamed Talaat,
_eReviewer.
700 0 _aMohamed Osman Wahby
_ethesis advisor.
700 0 _aOmima Abdel Fattah Edrls
_ethesis advisor.
900 _DDepartment of Gynecology & Obstetrics
_FFaculty of Medicine
_UCairo University
_b1995
_cMohmoud Talaat Mohamed Talaat,
_cMohamed Osman Wahby
_cOmima Abdel Fattah Edrls
905 _aNehad
942 _2ddc
_cTH
_e21
_n0
999 _c179229